000 00321 a2200133 4500
001 86536
082 _a398.2 LOK
090 _c40713
_d40713
100 _aNusrat Fateh Ali
245 _aHeritage and Folklore GM-21 (Only DVD)
250 _aV-I
260 _aIslamabad
_bLok Virsa Islamabad
_c2012
500 _aLok Virsa
942 _aCAENUST
_k398.2 LOK
999 _c321609
_d321609